El arte del libro en la Edad Media (Record no. 171956)

MARC details
000 -LEADER
campo de control de longitud fija 00613nam a2200193 i 4500
001 - NÚMERO DE CONTROL
campo de control 171956
003 - IDENTIFICADOR DE NÚMERO DE CONTROL
campo de control ES-MaACL
005 - FECHA Y HORA DE LA ÚLTIMA TRANSACCIÓN
campo de control 20250825025620.0
008 - DATOS DE LONGITUD FIJA--INFORMACIÓN GENERAL
campo de control de longitud fija 090609s1966 ag a |||| | spa d
080 ## - NÚMERO DE LA CLASIFICACIÓN DECIMAL UNIVERSAL
Número de la Clasificación Decimal Universal 655"14/15"
100 1# - ENTRADA PRINCIPAL--NOMBRE DE PERSONA
Nombre de persona Sosa, Guillermo S.
9 (RLIN) 140571
245 13 - MENCIÓN DEL TÍTULO
Título El arte del libro en la Edad Media
Resto del título : (códices-incunables) /
Mención de responsabilidad, etc. Guillermo S. Sosa.
260 ## - PUBLICACIÓN, DISTRIBUCIÓN, ETC.
Lugar de publicación, distribución, etc. Buenos Aires :
Nombre del editor, distribuidor, etc. [s.n.],
Fecha de publicación, distribución, etc. 1966.
300 ## - DESCRIPCIÓN FÍSICA
Extensión 370 p. :
Otras características físicas il. ;
Dimensiones 22 cm.
650 14 - PUNTO DE ACCESO ADICIONAL DE MATERIA--TÉRMINO DE MATERIA
Término de materia o nombre geográfico como elemento de entrada Imprenta-
Subdivisión de forma Historia.
9 (RLIN) 144605
650 07 - PUNTO DE ACCESO ADICIONAL DE MATERIA--TÉRMINO DE MATERIA
Término de materia o nombre geográfico como elemento de entrada Libros-
Subdivisión general Historia-
Subdivisión cronológica S.V-XIV
Fuente del encabezamiento o término
9 (RLIN) 160555
852 ## - LOCALIZACIÓN
Ubicación ES-MaACL
Número de control de estantería E-6075
Holdings
Estatus retirado Estado de pérdida Estado de daño No para préstamo Biblioteca de origen Biblioteca actual Ubicación en estantería Fecha de adquisición Fuente de adquisición Total de préstamos Signatura topográfica completa Código de barras Visto por última vez Precio de reemplazo Tipo de ítem Koha
        Biblioteca del Ateneo de Madrid Biblioteca del Ateneo de Madrid Depósito 2 09/06/2009     E-6075 1180461 23/02/2023 23/02/2023 Libro impreso